| 000 | 00551nam a22002177a 4500 | ||
|---|---|---|---|
| 003 | UA-OsUOA | ||
| 001 | 71154 | ||
| 007 | ta | ||
| 008 | 20101006b un ||||| |||| 00| 0 ukr d | ||
| 100 | _aКолісниченко В. | ||
| 090 |
_a32 _bК60 |
||
| 942 | _cSA | ||
| 040 |
_aUA-OsUOA _bukr _cUA-OsUOA _dUA-OsUOA |
||
| 245 | _aРада Європи вимагає прийняття закону "Про мови в Україні" | ||
| 300 | _aС.4-5 | ||
| 955 | _a0 | ||
| 041 | _aukr | ||
| 080 | _a32 | ||
| 773 | 0 | _w71153 | |
| 650 | 7 | _2UDC | |
| 999 |
_c357427 _d357427 |
||